000 00441nam a2200157Ia 4500
003 OSt
005 20230529122805.0
008 211028s2015 xx 000 0 und d
040 _cAIMIT LIBRARY
041 _aeng
100 _aSaldanha, Jeason Rinton; Prabhu, S Aravind.
_98572
_e131909
110 _aAravind Prabhu S
_98573
245 _aI-ACT mobile delivery platform test package V1.0.
260 _aMangalore
_c2015
942 _2ddc
_cPRO
999 _c219955
_d219955